000 00873nam a2200241Ia 4500
003 OSt
005 20221005113352.0
006 a|||||r|||| 00| 0
007 ta
008 221004b |||||||| |||| 00| 0 pan d
020 _c150
024 _a2102
037 _b175, 18/12/2012, Orange Books International
_cTextual
040 _aCRL
_cCRL
_bpan
041 _2pan
_apan
082 _aMY2143, 153Q2
100 _aਪ੍ਰੀਤ, ਰਣਜੀਤ ਸਿੰਘ
245 0 _aਓਲੰਪਿਕ ਖੇਡਾਂ ਵਿਚ ਹਾਕੀ ਦਾ ਸਖ਼ਰ
260 _aਬਰਨਾਲਾ
_bਵਿFਵਭਾਰਤੀ ਪ੍ਰਕਾFਨ ਭਾਰਤ
_c2012
300 _a152ਪੰ
_ccm.
942 _hMY2143, 153Q2
_cTEXL
_2cc
999 _c1027936
_d1027936